Barnes' notes on the New Testament, (Record no. 5966)

MARC details
000 -LEADER
fixed length control field 00882cam a22002651 4500
001 - CONTROL NUMBER
control field 2639680
003 - CONTROL NUMBER IDENTIFIER
control field GBCCL
005 - DATE AND TIME OF LATEST TRANSACTION
control field 20241126110553.0
008 - FIXED-LENGTH DATA ELEMENTS--GENERAL INFORMATION
fixed length control field 800124s1962 miuab 000 0 eng
010 ## -
-- a 62008727
020 ## - INTERNATIONAL STANDARD BOOK NUMBER
International Standard Book Number 0825422000
040 ## - CATALOGING SOURCE
Original cataloging agency DLC
Transcribing agency DLC
Modifying agency DLC
050 00 -
-- BS2341
-- .B19 1962
082 00 - DEWEY DECIMAL CLASSIFICATION NUMBER
Classification number 225.77
Item number BAR
100 ## - MAIN ENTRY--PERSONAL NAME
Personal name Barnes, Albert
9 (RLIN) 4544
130 0# -
-- Bible.
-- New Testament.
-- English.
-- Authorized.
-- 1962.
-- 4545
245 00 - TITLE STATEMENT
Title Barnes' notes on the New Testament,
Statement of responsibility, etc. by Albert Barnes. Edited by Robert Frew.
260 ## - PUBLICATION, DISTRIBUTION, ETC.
Place of publication, distribution, etc. Grand Rapids,
Name of publisher, distributor, etc. Kregel publications,
Date of publication, distribution, etc. 1962.
300 ## - PHYSICAL DESCRIPTION
Extent 1761p. ;
Other physical details illus., maps.
Dimensions 26 cm.
505 ## - FORMATTED CONTENTS NOTE
Formatted contents note complete and unabridged in one volume
630 00 - SUBJECT ADDED ENTRY--UNIFORM TITLE
Uniform title Bible.
Name of part/section of a work New Testament
General subdivision Commentaries.
9 (RLIN) 3065
700 1# - ADDED ENTRY--PERSONAL NAME
Personal name Barnes, Albert,
Dates associated with a name 1798-1870,
9 (RLIN) 4546
906 ## - LOCAL DATA ELEMENT F, LDF (RLIN)
a 7
b cbc
c orignew
d u
e ncip
f 19
g y-gencatlg
942 ## - ADDED ENTRY ELEMENTS (KOHA)
Source of classification or shelving scheme Dewey Decimal Classification
Koha item type Reference Books
Holdings
Withdrawn status Lost status Source of classification or shelving scheme Damaged status Not for loan Home library Current Library Shelving location Date acquired Total checkouts Full call number Barcode Date last seen Copy number Price effective from Koha item type
    Dewey Decimal Classification     GRACE BIBLE COLLEGE GRACE BIBLE COLLEGE Commentary 2018-04-19   225.77 BAR 001694 2025-05-09 c.1 2018-04-19 Reference Books
© Grace Bible College Library 2025